00568nam a22001697a 450000500170000001000140001702000260003103500140005703700130007108200190008410000160010324500440011926001250016327000810028830000230036976000060039220240229153228.0 aEN-139419 a9788123017440c300.00 aEN-122690 bDBAD/PUB a338.479121b1 aKelkar,D.G. aLamps of India/cBy D.G.KelkarhEnglish aNew DelhibThe Director General Publication Division Ministry of Information and Broadcasting Government of India c2012 aSoochna Bhawan Government of India CGO Complex Lodhi RoadbNew Delhie110003 a80Pagesc29.cm hbk b1